Państwa bez litery A - Statystyki

Ogólne statystyki
  • Ten quiz został rozwiązany 45 razy
  • Średni wynik to 18 z 31
Statystyki odpowiedzi
Afryka % Poprawnych
Chiny
81%
Egipt
81%
Peru
81%
Czechy
78%
Meksyk
78%
Niemcy
78%
Chile
76%
Włochy
73%
Cypr
70%
Luksemburg
70%
Węgry
70%
Kosowo
68%
Liechtenstein
65%
Fidżi
62%
Jemen
62%
Benin
59%
Togo
59%
Belize
57%
Burundi
54%
Niger
54%
Indie
51%
Dżibuti
49%
Kuwejt
49%
Lesotho
49%
Filipiny
43%
Brunei
41%
Komory
41%
Kongo
41%
Seszele
38%
Timor Wschodni
38%
Wybrzeże Kości Słoniowej
32%
Nie znaleziono quizów pasujących do podanych kryteriów
Rozkład punktacji
Procent ludzi z każdym wynikiem
Percentyl według liczby udzielonych odpowiedzi
Twoja historia wyników
Nie rozwiązałeś tego quizu